Verschiedene Axiome der Mathematik - Statistiken

Allgemein
  • Dieses Quiz wurde 262 mal gespielt
    257 seit der letzten Aktualisierung
  • Das Durchschnittsergebnis liegt bei 5 aus 19
Antwortstatistiken
Hint Antwort % Korrekt
K0 a+b
88%
K5 a*b
88%
O3 ∀a,b∈K:(0<a ∧ 0<b)=> 0<a*b
88%
O2 ∀ a∈K ∀b∈K ∀c∈K: (a<b=> a+c<b+c)
38%
K10 Distributivität
25%
K1 Addition ist assoziativ
13%
K4 Addition ist kommutativ
13%
K3 additives Inverselement
13%
K2 additives Neutralelement
13%
P1 Die Zahl Null ist eine natürliche Zahl.
13%
K6 Multiplikation ist assoziativ
13%
K9 Multiplikation ist kommutativ
13%
K8 multiplikatives Inverselement
13%
K7 multiplikatives Neutralelement
13%
O1 Sei ≤ eine totale Ordnung auf K
13%
P3 Die Null ist kein Nachfolger einer natürlichen Zahl.
0%
P5 Enthält eine Menge X die Zahl Null und mit jeder natürlichen Zahl auch deren Nachfolger n′, so bilden die natürlichen Zahlen eine Teilmenge von X.
0%
P2 Jede natürliche Zahl n hat eine natürliche Zahl n′ als Nachfolger.
0%
P4 Natürliche Zahlen mit gleichem Nachfolger sind gleich.
0%
Keine übereinstimmenden Quizze gefunden
Verteilung der Resultate
Anzahl Personen mit jedem Resultat
Perzentil nach korrekt beantworteten Fragen
Ihre Resultats-Entwicklung
Sie haben dieses Quiz seit der letzten Aktualisierung nicht gespielt